Ekonomické aspekty využitia obnoviteľných zdrojov energie na výrobu elektrickej energie

Analýza súčasného stavu energetickej spoločnosti DOMSPRAV a zmeny technologickej základne zameranej na výmenu paliva za biomasu.

Saved in:
Bibliographic Details
Main Author: Stričík, Michal, 1969-
Format: Book Chapter
Language:Slovak
Subjects:
Tags: Add Tag
No Tags, Be the first to tag this record!

MARC

LEADER 00000naa$a2200000$$$4500
001 0240868
005 20240502073924.4
041 0 |a slo 
044 |a SK 
245 1 0 |a Ekonomické aspekty využitia obnoviteľných zdrojov energie na výrobu elektrickej energie  |c Michal Stričík 
520 |a Analýza súčasného stavu energetickej spoločnosti DOMSPRAV a zmeny technologickej základne zameranej na výmenu paliva za biomasu. 
610 2 0 |a Slovensko 
610 2 0 |a zdroje energetické 
610 2 0 |a zdroje energie obnoviteľné 
610 2 0 |a zdroje energie alternatívne 
610 2 0 |a zdroje energie 
610 2 0 |a elektrina 
610 2 0 |a elektroenergetika 
610 2 0 |a rozvoj regionálny 
610 2 0 |a biomasa 
100 1 |a Stričík, Michal, 1969-